Name the British figure - Statistics

General Stats
  • This quiz has been taken 18 times
  • The average score is 13 of 20
Answer Stats
Hint Answer % Correct
Writer of 'Great Expectations' Charles Dickens
100%
First female PM of the UK Margaret Thatcher
100%
Wrote 'Frankenstein' Mary Shelley
100%
Wrote 'Pride and Prejudice' Jane Austen
93%
Was prime minister during WW1 for Britain Winston Churchill
93%
Decoded enemy messages in WW2, saved millions of lives and is on the 50 pound note (as of 2024) Alan Turing
79%
Famous for his involvement in the 'Partygate' scandal Boris Johnson
79%
Lasted 44 days as PM before resigning due to failed mini budget Liz Truss
79%
One of the leaders of the Suffragette movement, died in 1928 Emmeline Pankhurst
71%
British PM famously given the nickname 'supermac' Harold Macmillan
71%
Leader of the reform party who went on 'I'm a celebrity get me out of here!' Nigel Farage
64%
Had a high profile affair in the 1960's with a girl named Christine John Profumo
57%
Creator of the NHS Aneurin Bevan
50%
World famous singer who sang 'As It Was' Harry Styles
50%
Judge on 'The Great British Bake Off' Paul Hollywood
50%
Creator of 'Wallace and Gromit' from Preston Nick Park
43%
Deputy leader of the Labour party (2024) Angela Rayner
36%
Actress known for many shows and films such as 'The wheel of time' and 'Saltburn' Rosamund Pike
29%
Created a model village for his workers in Bradford called 'Saltaire' Titus Salt
29%
Famous for his work in 'The Italian Job' and many other films Jason Statham
21%
No matching quizzes found
Score Distribution
Percent of People with Each Score
Percentile by Number Answered
Your Score History
You have not taken this quiz